Plus de 50 buts en ligue 1 - Mort subite - Statistiques

Statistiques générales
  • Ce quiz a été pris 127 fois
  • Le résultat moyen est 3 sur 15
Answers on the Grid
Answers color-coded by a green-red scale on the quiz's grid according to % correct below.
Ludovic Blas
Ludovic Ajorque
Habib Diallo
Cheick Diabaté
Martin Terrier
Arnaud Kalimuendo
Nenê
Wahbi Khazri
Éric Cantona
André Ayew
Rémy Cabella
Max-Alain Gradel
Moussa Dembélé
David Trezeguet
André Ayew
Christophe Dugarry
Estéban Lepaul
Ronaldinho
Famara Diedhiou
Mohamed Bayo
Ezequiel Lavezzi
Benjamin André
Anthony Le Tallec
M'Baye Niang
Salomon Kalou
Nicolas Anelka
Zinédine Zidane
Jordan Ayew
Alexander Frei
Florent Malouda
 
Statistiques - réponses
Réponse % Correct
Wahbi Khazri
38%
Ludovic Ajorque
37%
Moussa Dembélé
30%
Martin Terrier
28%
André Ayew
27%
André Ayew
21%
Arnaud Kalimuendo
21%
Rémy Cabella
17%
Habib Diallo
15%
Éric Cantona
14%
David Trezeguet
13%
Max-Alain Gradel
11%
Cheick Diabaté
10%
Nenê
10%
Ludovic Blas
4%
Aucun quiz correspondant
Distribution des résultats
% des personnes avec chaque résultat
Percentile par nombre de réponses
Votre historique - résultats
Vous n’avez pas pris ce quiz